[Event "Rewal 2011 - Open B"]
[Site "Rewal"]
[Date "2011.08.27"]
[Round "8.56"]
[White "Budnik, Kazimierz"]
[Black "Klementowski, Dawid"]
[Result "0-1"]
[WhiteElo "1567"]
[BlackElo "1623"]
[EventDate "2011.??.??"]
[PlyCount "80"]

1.e4 c5 2.Nf3 d6 3.c3 Nf6 4.d3 Nc6 5.Be2 e6 6.O-O Be7 7.Nbd2 O-O 8.Nc4 b5 
9.Ne3 a6 10.Qc2 Bb7 11.d4 cxd4 12.Nxd4 Nxd4 13.cxd4 Rc8 14.Qd1 Bxe4 15.Bf3
Bxf3 16.Qxf3 Qb6 17.d5 exd5 18.Nxd5 Nxd5 19.Qxd5 Qc6 20.Qf5 Bf6 21.Rb1 Qc5
22.Qf3 Qc6 23.Qh3 Qd5 24.b3 Rc2 25.a3 Rfc8 26.Be3 Qe6 27.Qf3 Ra2 28.a4 
bxa4 29.Qb7 axb3 30.Rxb3 Re8 31.Rc1 g6 32.g3 Kg7 33.Qg2 Qxb3 34.Re1 Qe6 
35.Qb7 Ra1 36.Rxa1 Bxa1 37.Qxa6 Bf6 38.Qd3 d5 39.Qd2 d4 40.Kg2 Qe4+ 0-1

[Event "Rewal 2011 - Open B"]
[Site "Rewal"]
[Date "2011.08.27"]
[Round "8.59"]
[White "Zezulkin, Alina"]
[Black "Maczka, Miroslawa"]
[Result "0-1"]
[WhiteElo "1583"]
[BlackElo "1589"]
[EventDate "2011.??.??"]
[PlyCount "110"]

1.e4 c5 2.Nf3 a6 3.d4 cxd4 4.Nxd4 Nf6 5.Nc3 e5 6.Nf3 Bb4 7.Bd2 d6 8.Bd3 
Nbd7 9.a3 Bxc3 10.Bxc3 O-O 11.O-O Qc7 12.Qd2 Nc5 13.Rfe1 Bg4 14.Qe3 Na4 
15.Rab1 Rfe8 16.Bd2 b5 17.h3 Bd7 18.Nh4 Nc5 19.Qg5 Ne6 20.Qg3 Nh5 21.Qf3 
Nhf4 22.Nf5 Rad8 23.Rbd1 Bc6 24.Qg4 Nxd3 25.cxd3 d5 26.Re3 f6 27.Rg3 Rd7 
28.Nh6+ Kh8 29.Nf5 dxe4 30.dxe4 Qd8 31.Rc1 Bxe4 32.Be3 Bxf5 33.Qxf5 Rd1+ 
34.Rxd1 Qxd1+ 35.Kh2 Nd4 36.Qe4 Ne2 37.f3 Nxg3 38.Kxg3 Qd7 39.Qc2 f5 40.f4
e4 41.Qc5 Rc8 42.Qb6 Qc6 43.Qa7 h6 44.Qf7 Qf6 45.Qd7 Rd8 46.Qc7 Rd3 47.Qc5
h5 48.h4 Qd6 49.Qa7 Kh7 50.Kf2 Qf6 51.Kg3 Qxb2 52.Qf7 Rxe3+ 53.Kh2 Qf6 54.
Qxh5+ Qh6 55.Qxf5+ Qg6 0-1

[Event "Rewal 2011 - Open B"]
[Site "Rewal"]
[Date "2011.08.28"]
[Round "9.1"]
[White "Nikitin, Aleksander I"]
[Black "Jaskolka, Tomasz"]
[Result "1/2-1/2"]
[WhiteElo "2081"]
[BlackElo "2003"]
[EventDate "2011.??.??"]
[PlyCount "50"]

1.Nf3 Nf6 2.g3 d5 3.Bg2 c5 4.d3 Nc6 5.O-O e6 6.Nbd2 Be7 7.e4 O-O 8.e5 Nd7 
9.Re1 Qc7 10.Qe2 b5 11.Nf1 Bb7 12.Bf4 Nd4 13.Nxd4 cxd4 14.a3 Rfc8 15.Rac1 
Qb6 16.h4 a5 17.Nd2 Nc5 18.b3 Na6 19.Nb1 Rc6 20.Qg4 Rac8 21.Re2 Bf8 22.h5 
Nc5 23.Rd1 Na6 24.Rc1 Nc5 25.Rd1 Na6 1/2-1/2

[Event "Rewal 2011 - Open B"]
[Site "Rewal"]
[Date "2011.08.28"]
[Round "9.2"]
[White "Bokiej, Przemyslaw"]
[Black "Zielinski, Wojciech"]
[Result "1-0"]
[WhiteElo "2097"]
[BlackElo "2097"]
[EventDate "2011.??.??"]
[PlyCount "67"]

1.e4 e6 2.d4 d5 3.e5 c5 4.c3 Nc6 5.Nf3 f6 6.Bd3 Qb6 7.O-O Bd7 8.dxc5 Bxc5 
9.b4 Be7 10.Bf4 O-O-O 11.Nbd2 Rf8 12.b5 Nxe5 13.Nxe5 fxe5 14.Bxe5 Bf6 15.
Qe2 Bxe5 16.Qxe5 Qc7 17.Qd4 Kb8 18.Rab1 b6 19.Nf3 Ne7 20.Rfe1 Nf5 21.Bxf5 
Rxf5 22.Ne5 Rhf8 23.Rb2 Be8 24.g3 g5 25.a4 Qd6 26.a5 Qa3 27.Ree2 Bh5 28.
Red2 Ka8 29.axb6 Qa1+ 30.Kg2 Rxe5 31.f4 Ref5 32.Ra2 Bf3+ 33.Kf2 Qh1 34.b7+
1-0

[Event "Rewal 2011 - Open B"]
[Site "Rewal"]
[Date "2011.08.28"]
[Round "9.3"]
[White "Musialkiewicz, Pawel"]
[Black "Sliwicki, Damian"]
[Result "1/2-1/2"]
[WhiteElo "1961"]
[BlackElo "1899"]
[EventDate "2011.??.??"]
[PlyCount "51"]

1.d4 Nf6 2.c4 g6 3.Nc3 d5 4.Nf3 Bg7 5.Bg5 Ne4 6.Bh4 Nxc3 7.bxc3 O-O 8.cxd5
Qxd5 9.Bxe7 Re8 10.Bh4 Bg4 11.e3 Qa5 12.Qd2 c5 13.Be2 Nc6 14.Rd1 b5 15.O-O
c4 16.h3 Bf5 17.Bg3 Rac8 18.Nh4 Bd7 19.Nf3 Bf5 20.Ra1 b4 21.Rfc1 bxc3 22.
Rxc3 Be6 23.Qc1 Nb4 24.a3 Nd5 25.Rxc4 Nc3 26.Qxc3 1/2-1/2

[Event "Rewal 2011 - Open B"]
[Site "Rewal"]
[Date "2011.08.28"]
[Round "9.4"]
[White "Cieslar, Michal"]
[Black "Nowak, Ryszard"]
[Result "1-0"]
[WhiteElo "1966"]
[BlackElo "2055"]
[EventDate "2011.??.??"]
[PlyCount "71"]

1.e4 c6 2.d4 d5 3.e5 h5 4.Bd3 g6 5.Ne2 Nh6 6.Nd2 Bf5 7.Nb3 e6 8.Bxh6 Bxd3 
9.Bxf8 Bxe2 10.Qxe2 Kxf8 11.h4 Na6 12.O-O-O Nc7 13.f3 Ne8 14.Qf2 Ng7 15.g4
Rc8 16.Kb1 Qe7 17.Rc1 Kg8 18.c4 Kh7 19.cxd5 cxd5 20.Nc5 Rc6 21.Rc2 Rhc8 
22.Rd2 Qc7 23.Qe2 b6 24.Nd3 Rc4 25.Qe3 Rc2 26.Qf2 Rxd2 27.Qxd2 Qe7 28.Nf4 
Rc4 29.gxh5 gxh5 30.Rg1 f5 31.Qg2 Qf7 32.Nh3 Kh8 33.Qg5 Rc8 34.Qh6+ Kg8 
35.Ng5 Qe7 36.Qh7+ 1-0

[Event "Rewal 2011 - Open B"]
[Site "Rewal"]
[Date "2011.08.28"]
[Round "9.5"]
[White "Blaszkiewicz, Mateusz"]
[Black "Aleksandrowicz, Marek"]
[Result "1-0"]
[WhiteElo "1871"]
[BlackElo "1959"]
[EventDate "2011.??.??"]
[PlyCount "54"]

1.e4 c6 2.d4 d5 3.e5 c5 4.Ne2 cxd4 5.Nxd4 Nc6 6.f4 Qb6 7.c3 Nh6 8.Bd3 Bd7 
9.e6 fxe6 10.Nxc6 bxc6 11.Qe2 Rb8 12.b4 d4 13.Na3 dxc3 14.Nc4 Qc7 15.Be3 
Nf5 16.Bc5 Qxf4 17.Rf1 Qh4+ 18.g3 Nxg3 19.hxg3 Qxg3+ 20.Bf2 Qg5 21.Rg1 Qf6
22.Ne5 g6 23.Nxd7 Kxd7 24.Rd1 Bh6 25.Be4+ Kc7 26.Qa6 e5 27.Qxa7+ Kc8 1-0

[Event "Rewal 2011 - Open B"]
[Site "Rewal"]
[Date "2011.08.28"]
[Round "9.6"]
[White "Swiech, Piotr"]
[Black "Borowicz, Przemyslaw"]
[Result "0-1"]
[WhiteElo "1929"]
[BlackElo "1989"]
[EventDate "2011.??.??"]
[PlyCount "74"]

1.d4 d5 2.c4 c6 3.Nc3 Nf6 4.Nf3 e6 5.Bg5 Nbd7 6.c5 Qc7 7.Bh4 Ne4 8.Nxe4 
dxe4 9.Nd2 Qf4 10.Bg3 Qg4 11.h3 Qg6 12.e3 Be7 13.Be2 h5 14.h4 e5 15.Qc2 
exd4 16.Qxe4 Qxe4 17.Nxe4 dxe3 18.fxe3 Nxc5 19.Nd6+ Bxd6 20.Bxd6 Ne4 21.
Bf4 Bg4 22.Bd3 Nc5 23.Bc2 O-O-O 24.O-O Rd2 25.Rf2 Rxf2 26.Kxf2 Rd8 27.e4 
Rd4 28.Re1 Rc4 29.Bb1 f5 30.b3 Nxe4+ 31.Ke3 Rb4 32.Be5 g6 33.Bc2 Rb5 34.
Bd4 Nd6 35.a4 Rd5 36.Bxa7 Kd7 37.Bd4 f4+ 0-1

[Event "Rewal 2011 - Open B"]
[Site "Rewal"]
[Date "2011.08.28"]
[Round "9.7"]
[White "Botor, Michal"]
[Black "Luka, Krzysztof"]
[Result "1-0"]
[WhiteElo "1987"]
[BlackElo "1873"]
[EventDate "2011.??.??"]
[PlyCount "89"]

1.e4 d6 2.d4 Nf6 3.Nc3 g6 4.f3 c6 5.Be3 Nbd7 6.Qd2 b5 7.O-O-O Nb6 8.g4 h5 
9.g5 Nfd7 10.f4 Rb8 11.f5 Bg7 12.fxg6 fxg6 13.Nh3 Nc4 14.Bxc4 bxc4 15.Nf4 
Nf8 16.h3 Qb6 17.b3 cxb3 18.cxb3 Qa5 19.Rhe1 e5 20.dxe5 dxe5 21.Nfe2 Qa3+ 
22.Qb2 Qxb2+ 23.Kxb2 Bxh3 24.Bxa7 Rd8 25.Rxd8+ Kxd8 26.Bb6+ Kc8 27.a4 Nd7 
28.Be3 Bf8 29.a5 Nc5 30.Ra1 Na6 31.Na4 Be7 32.Nb6+ Kb7 33.Nc4 Bg2 34.Nc3 
Re8 35.Rg1 Bh3 36.Nxe5 Ba3+ 37.Kxa3 Rxe5 38.b4 Re7 39.Rb1 Nc7 40.Na4 Nb5+ 
41.Kb3 Nd6 42.Nc5+ Ka8 43.Rd1 Nb7 44.Nxb7 Kxb7 45.a6+ 1-0

[Event "Rewal 2011 - Open B"]
[Site "Rewal"]
[Date "2011.08.28"]
[Round "9.8"]
[White "Miechowicz, Witold"]
[Black "Kosny, Marek"]
[Result "1/2-1/2"]
[WhiteElo "1916"]
[BlackElo "1945"]
[EventDate "2011.??.??"]
[PlyCount "97"]

1.e4 Nf6 2.Nc3 d5 3.exd5 Nxd5 4.Nxd5 Qxd5 5.d4 Nc6 6.Be3 e5 7.dxe5 Qxe5 8.
c3 Bd6 9.Nf3 Qe7 10.Be2 O-O 11.O-O Bf5 12.Re1 Ne5 13.Nd4 Be4 14.Nb5 Rad8 
15.Qb3 Bc5 16.Bxc5 Qxc5 17.Rad1 Bd3 18.Nd4 Be4 19.Bf1 Bg6 20.Rd2 b6 21.
Red1 Qe7 22.h3 Qg5 23.Re2 Rd6 24.Re3 c5 25.Nf3 Nxf3+ 26.Rxf3 Rxd1 27.Qxd1 
Bh5 28.g4 Bg6 29.Re3 h5 30.Bg2 Rd8 31.Qa4 a5 32.f4 b5 33.fxg5 bxa4 34.Bf3 
h4 35.Kf2 Rb8 36.Re2 Bb1 37.Bd5 Kf8 38.a3 Bd3 39.Rd2 Ba6 40.Bc6 Bb5 41.Bg2
Ke7 42.Ke3 Rb6 43.Rf2 Rd6 44.Rd2 Re6+ 45.Kf4 Re1 46.Kf3 Re5 47.Kf4 Re1 48.
Kf3 Re5 49.Kf4 1/2-1/2

[Event "Rewal 2011 - Open B"]
[Site "Rewal"]
[Date "2011.08.28"]
[Round "9.9"]
[White "Barburzynska, Magdalena"]
[Black "Gawiec, Konrad"]
[Result "1/2-1/2"]
[WhiteElo "1936"]
[BlackElo "1820"]
[EventDate "2011.??.??"]
[PlyCount "100"]

1.e4 c5 2.Nf3 Nc6 3.d4 cxd4 4.Nxd4 g6 5.c4 d6 6.Nc3 Nf6 7.Be2 Nxd4 8.Qxd4 
Bg7 9.O-O O-O 10.Qd1 Be6 11.Be3 Qa5 12.Rc1 Rfc8 13.b3 a6 14.Qd2 b5 15.Nd5 
Qxd2 16.Nxf6+ Bxf6 17.Bxd2 bxc4 18.Bxc4 Bxc4 19.bxc4 Rab8 20.Rc2 Kg7 21.
Rfc1 Bb2 22.Rb1 Bd4 23.Rd1 Rc6 24.Kf1 Rbc8 25.Bg5 e5 26.Rdc1 Bc5 27.Rb1 a5
28.Ke2 f5 29.Rb7+ R6c7 30.Rxc7+ Rxc7 31.f3 Rb7 32.Bd2 a4 33.Kd3 f4 34.Be1 
Rb1 35.Bf2 Bxf2 36.Rxf2 a3 37.Rd2 Kf6 38.Kc3 Ke6 39.Kc2 Rb6 40.Kc1 g5 41.
Rd3 Rb2 42.Rd2 Rb4 43.Rc2 h5 44.h3 Kd7 45.Rc3 Rb2 46.Rc2 Rb6 47.c5 Rb5 48.
cxd6 Kxd6 49.Rc3 Rb2 50.Rc2 Rb5 1/2-1/2

[Event "Rewal 2011 - Open B"]
[Site "Rewal"]
[Date "2011.08.28"]
[Round "9.11"]
[White "Stankowski, Aleksander"]
[Black "Sroka, Janusz"]
[Result "1/2-1/2"]
[WhiteElo "1863"]
[BlackElo "2088"]
[EventDate "2011.??.??"]
[PlyCount "43"]

1.Nf3 d6 2.g3 Nf6 3.Bg2 g6 4.O-O Bg7 5.d3 O-O 6.Nc3 e5 7.e4 Nc6 8.Nh4 Nd4 
9.Ne2 Nxe2+ 10.Qxe2 Nh5 11.Nf5 gxf5 12.Qxh5 fxe4 13.Bxe4 f5 14.Bg5 Qe8 15.
Bd5+ Be6 16.Qxe8 Raxe8 17.Bxe6+ Rxe6 18.c3 f4 19.f3 Rg6 20.Bh4 fxg3 21.
hxg3 Bh6 22.Rae1 1/2-1/2

[Event "Rewal 2011 - Open B"]
[Site "Rewal"]
[Date "2011.08.28"]
[Round "9.12"]
[White "Skomial, Mateusz"]
[Black "Jacel, Lukasz"]
[Result "1/2-1/2"]
[WhiteElo "2068"]
[BlackElo "1979"]
[EventDate "2011.??.??"]
[PlyCount "28"]

1.e4 c5 2.Nf3 Nf6 3.Nc3 Nc6 4.d4 d5 5.exd5 Nxd5 6.Nxd5 Qxd5 7.dxc5 Qxd1+ 
8.Kxd1 e5 9.c3 Bxc5 10.Be3 Bxe3 11.fxe3 Bf5 12.Bb5 O-O-O+ 13.Ke2 f6 14.h3 
Kc7 1/2-1/2

[Event "Rewal 2011 - Open B"]
[Site "Rewal"]
[Date "2011.08.28"]
[Round "9.13"]
[White "Blasiak, Miroslaw"]
[Black "Stankiewicz, Pawel"]
[Result "1-0"]
[WhiteElo "1961"]
[BlackElo "2064"]
[EventDate "2011.??.??"]
[PlyCount "63"]

1.e4 c5 2.Nf3 d6 3.d4 cxd4 4.Nxd4 Nf6 5.Nc3 a6 6.Bg5 Nbd7 7.Bc4 e6 8.Bb3 
b5 9.Qd2 Nc5 10.f3 Bb7 11.O-O-O Be7 12.h4 Qc7 13.Kb1 Rc8 14.Rhg1 Nxb3 15.
cxb3 b4 16.Nce2 h6 17.Rc1 Qb6 18.Rxc8+ Bxc8 19.Be3 Qb7 20.g4 Nd7 21.g5 
hxg5 22.Bxg5 Nf6 23.Nc2 a5 24.Ne3 Qd7 25.Nc4 Qc7 26.Rc1 Ba6 27.Ne3 Qb7 28.
Nd4 O-O 29.Nc6 Bb5 30.Nxe7+ Qxe7 31.Ng4 Re8 32.Bxf6 1-0

[Event "Rewal 2011 - Open B"]
[Site "Rewal"]
[Date "2011.08.28"]
[Round "9.14"]
[White "Jagodzinski, Waldemar"]
[Black "Bes, Michal"]
[Result "0-1"]
[WhiteElo "2029"]
[BlackElo "1906"]
[EventDate "2011.??.??"]
[PlyCount "62"]

1.d4 d5 2.Nf3 c5 3.c4 e6 4.cxd5 exd5 5.Nc3 Nf6 6.e3 Nc6 7.Be2 cxd4 8.Nxd4 
Bd6 9.O-O O-O 10.b3 Ne4 11.Nxe4 dxe4 12.Nxc6 bxc6 13.Bb2 Qc7 14.h3 Be6 15.
Rc1 Rfd8 16.Qc2 Qa5 17.Bc4 Bd5 18.Rfd1 Ba3 19.Bxa3 Qxa3 20.Rd4 Bxc4 21.
Rxc4 Rac8 22.Rxe4 h6 23.Ra4 Qe7 24.Qc5 Rd1+ 25.Kh2 Qc7+ 26.g3 Rd7 27.Ra6 
Rd2 28.Kg2 Qd8 29.Rxa7 Qf6 30.e4 Re8 31.Rc2 Re5 0-1

[Event "Rewal 2011 - Open B"]
[Site "Rewal"]
[Date "2011.08.28"]
[Round "9.15"]
[White "Karcz, Bartlomiej"]
[Black "Graczyk, Damian"]
[Result "1-0"]
[WhiteElo "1943"]
[BlackElo "1991"]
[EventDate "2011.??.??"]
[PlyCount "59"]

1.e4 c6 2.d4 d5 3.Nc3 dxe4 4.Nxe4 Nd7 5.Nf3 Ngf6 6.Nxf6+ Nxf6 7.Bc4 e6 8.
O-O Be7 9.Ne5 O-O 10.c3 c5 11.Be3 Qc7 12.f4 b6 13.dxc5 Bxc5 14.Qe2 Bxe3+ 
15.Qxe3 Ng4 16.Nxg4 Qxc4 17.Rfd1 Bb7 18.Ne5 Qb5 19.Rd2 Rad8 20.Rad1 Rxd2 
21.Rxd2 f6 22.c4 Qa6 23.Nd7 Re8 24.Nxf6+ gxf6 25.Rd7 Bf3 26.Qxf3 Kf8 27.
Qh5 Re7 28.Rd8+ Kg7 29.Qg4+ Kh6 30.Rg8 1-0

[Event "Rewal 2011 - Open B"]
[Site "Rewal"]
[Date "2011.08.28"]
[Round "9.16"]
[White "Gonsior, Monika"]
[Black "Borawski, Jakub"]
[Result "1-0"]
[WhiteElo "2059"]
[BlackElo "1897"]
[EventDate "2011.??.??"]
[PlyCount "41"]

1.e4 e5 2.Nc3 Nf6 3.Bc4 Nc6 4.d3 Na5 5.Nge2 Nxc4 6.dxc4 Bc5 7.O-O Ng4 8.h3
h5 9.Qd3 Nxf2 10.Rxf2 Bxf2+ 11.Kxf2 d6 12.Kg1 Be6 13.c5 O-O 14.cxd6 cxd6 
15.Ng3 g6 16.Bh6 Qb6+ 17.Kh2 h4 18.Nf5 Bxf5 19.exf5 Kh7 20.Bxf8 Rxf8 21.
Rf1 1-0

[Event "Rewal 2011 - Open B"]
[Site "Rewal"]
[Date "2011.08.28"]
[Round "9.17"]
[White "Popiol, Michal"]
[Black "Zurkowski, Andrzej"]
[Result "1-0"]
[WhiteElo "1821"]
[BlackElo "2092"]
[EventDate "2011.??.??"]
[PlyCount "91"]

1.d4 c5 2.d5 Nf6 3.c4 b5 4.cxb5 a6 5.bxa6 Bxa6 6.g3 d6 7.Bg2 g6 8.Nc3 Bg7 
9.Nf3 O-O 10.O-O Nbd7 11.Rb1 Qc7 12.b3 Rfb8 13.Re1 Ne8 14.Qc2 Rb7 15.Bd2 
Rab8 16.a3 Ra7 17.a4 Rab7 18.Na2 c4 19.b4 c3 20.Be3 Bc4 21.b5 Bxd5 22.Nb4 
Be6 23.Nd4 d5 24.Na6 Qc8 25.Nxb8 Nxb8 26.Rec1 Rc7 27.a5 Rc4 28.Nxe6 fxe6 
29.a6 Nd7 30.Qa2 d4 31.b6 c2 32.Rb3 dxe3 33.b7 exf2+ 34.Kf1 Qc7 35.a7 Qd6 
36.Rd3 Qb4 37.Qxc4 Qxc4 38.a8=Q Qb4 39.Qxe8+ Nf8 40.b8=Q Qe1+ 41.Rxe1 
fxe1=Q+ 42.Kxe1 c1=Q+ 43.Rd1 Qc5 44.Kf1 Qc2 45.Qb1 Qc5 46.Qe4 1-0

[Event "Rewal 2011 - Open B"]
[Site "Rewal"]
[Date "2011.08.28"]
[Round "9.18"]
[White "Murawko, Katarzyna"]
[Black "Hasinski, Krystian"]
[Result "1-0"]
[WhiteElo "1796"]
[BlackElo "1971"]
[EventDate "2011.??.??"]
[PlyCount "93"]

1.e4 c6 2.d4 d5 3.Nc3 dxe4 4.Nxe4 Bf5 5.Ng3 Bg6 6.h4 h6 7.Nf3 Nd7 8.Bd3 
Bxd3 9.Qxd3 e6 10.Be3 Ngf6 11.O-O-O Bd6 12.Ne2 Qc7 13.c4 c5 14.Nc3 a6 15.
Kb1 cxd4 16.Bxd4 Bc5 17.Rhe1 O-O-O 18.Qe2 Kb8 19.Be5 Nxe5 20.Nxe5 Bd4 21.
Nxf7 Bxc3 22.Nxd8 Bxe1 23.Nxe6 Qe7 24.Qxe1 Nd7 25.Nf4 Qf7 26.g3 Qf5+ 27.
Ka1 Rc8 28.Rd5 Qf7 29.Qb4 Ka8 30.a3 Nf6 31.Rc5 Rxc5 32.Qxc5 Qe8 33.Qb4 Ng4
34.Qd2 Qc8 35.Nd5 Qc5 36.f3 Qg1+ 37.Ka2 Nf2 38.g4 Nd1 39.Ne7 Qf1 40.Qd8+ 
Ka7 41.Nc8+ Kb8 42.Nb6+ Ka7 43.c5 Nc3+ 44.bxc3 Qf2+ 45.Kb3 Qxc5 46.Nc8+ 
Ka8 47.Ne7+ 1-0

[Event "Rewal 2011 - Open B"]
[Site "Rewal"]
[Date "2011.08.28"]
[Round "9.19"]
[White "Tomczak, Mikolaj"]
[Black "Poswiatowski, Michal"]
[Result "1-0"]
[WhiteElo "1693"]
[BlackElo "1971"]
[EventDate "2011.??.??"]
[PlyCount "59"]

1.e4 c5 2.Nf3 d6 3.d4 cxd4 4.Nxd4 Nf6 5.Nc3 Bd7 6.Be2 g6 7.Be3 Bg7 8.Qd2 
Nc6 9.O-O-O h5 10.f4 a6 11.Kb1 Qc7 12.Bf3 O-O-O 13.h3 Kb8 14.Rhe1 Na5 15.
e5 Nc4 16.Qe2 dxe5 17.fxe5 Nxe3 18.Qxe3 Ng8 19.Nd5 Qc4 20.Nb6 Qc7 21.Qb3 
Be8 22.Nd5 Rxd5 23.Bxd5 Bh6 24.Rd3 Ka7 25.Rc3 Qb6 26.Qc4 e6 27.Bf3 Bb5 28.
Nxb5+ axb5 29.Qc7 Qxc7 30.Rxc7 1-0

[Event "Rewal 2011 - Open B"]
[Site "Rewal"]
[Date "2011.08.28"]
[Round "9.20"]
[White "Szczecina, Kamil"]
[Black "Zielinski, Olgierd"]
[Result "1/2-1/2"]
[WhiteElo "1779"]
[BlackElo "1943"]
[EventDate "2011.??.??"]
[PlyCount "47"]

1.e4 e6 2.d4 d5 3.exd5 exd5 4.Bd3 c5 5.dxc5 Bxc5 6.Nf3 Nf6 7.O-O O-O 8.h3 
Nc6 9.Nbd2 Qd6 10.Nb3 Bb6 11.Kh1 h6 12.c3 Be6 13.Bc2 Rad8 14.Qd3 Ne4 15.
Nbd4 Nxd4 16.Nxd4 Bxd4 17.Qxd4 b6 18.Bxe4 dxe4 19.Qxe4 Bd5 20.Qf4 Qe6 21.
Qe3 Qg6 22.f3 Rfe8 23.Qf2 Qe6 24.b3 1/2-1/2

[Event "Rewal 2011 - Open B"]
[Site "Rewal"]
[Date "2011.08.28"]
[Round "9.21"]
[White "Jedras, Piotr"]
[Black "Karpacz, Piotr"]
[Result "1-0"]
[WhiteElo "1919"]
[BlackElo "1739"]
[EventDate "2011.??.??"]
[PlyCount "117"]

1.e4 c5 2.Nf3 Nc6 3.d4 cxd4 4.Nxd4 Nf6 5.Nc3 e5 6.Ndb5 d6 7.Bg5 a6 8.Na3 
b5 9.Nd5 Be7 10.Bxf6 Bxf6 11.c3 Bg5 12.Nc2 O-O 13.a4 bxa4 14.Rxa4 a5 15.
Bc4 Rb8 16.Ra2 Kh8 17.Nce3 Bxe3 18.Nxe3 Ne7 19.O-O f5 20.exf5 Nxf5 21.Nxf5
Bxf5 22.b3 Rc8 23.Rd2 Rf6 24.Qa1 Rc5 25.Rd5 Qb6 26.Qa4 Rf8 27.Rxc5 Qxc5 
28.Qb5 Qxb5 29.Bxb5 Rb8 30.c4 Bc2 31.Ra1 Bxb3 32.Rxa5 h6 33.g3 Kg8 34.Ra3 
Bc2 35.Bc6 Bg6 36.Bd5+ Bf7 37.Ra6 Rd8 38.Ra7 Bxd5 39.cxd5 Kh7 40.Kg2 Kg6 
41.g4 Kf6 42.f3 g6 43.Rh7 h5 44.gxh5 gxh5 45.Kg3 Kf5 46.Rxh5+ Kg6 47.Kg4 
Rc8 48.Rg5+ Kf6 49.Rf5+ Kg6 50.h4 Rc4+ 51.f4 Rd4 52.h5+ Kg7 53.Kg5 Rd1 54.
h6+ Kh7 55.fxe5 dxe5 56.Rxe5 Rg1+ 57.Kf6 Kxh6 58.d6 Rd1 59.Ke7 1-0

[Event "Rewal 2011 - Open B"]
[Site "Rewal"]
[Date "2011.08.28"]
[Round "9.22"]
[White "Szusterowski, Przemyslaw"]
[Black "Cyra, Dariusz"]
[Result "0-1"]
[WhiteElo "1916"]
[BlackElo "1830"]
[EventDate "2011.??.??"]
[PlyCount "94"]

1.d4 Nf6 2.c4 c5 3.d5 b5 4.cxb5 a6 5.b6 d6 6.Nc3 Nbd7 7.e4 Nxb6 8.Nf3 g6 
9.Be2 Bg7 10.O-O O-O 11.Qc2 a5 12.a4 Ba6 13.Rd1 Bxe2 14.Qxe2 Ra7 15.Bf4 
Qa8 16.Bg3 Rd8 17.Nd2 Ne8 18.Nc4 Nxc4 19.Qxc4 Rb7 20.Rab1 Rb4 21.Qd3 Rdb8 
22.Qc2 Qb7 23.Nb5 Nc7 24.Nxc7 Qxc7 25.b3 Qb6 26.e5 dxe5 27.Rbc1 Rd4 28.f3 
Qxb3 29.Qxb3 Rxb3 30.Rxd4 exd4 31.Rxc5 h5 32.Bf4 d3 33.Kf1 Rb1+ 34.Rc1 
Rxc1+ 35.Bxc1 Bc3 36.Ba3 Kf8 37.Kf2 Ke8 38.Ke3 d2 39.Ke2 Kd7 40.Kd1 e6 41.
Kc2 exd5 42.Bc5 Kc6 43.Be3 d4 44.Bxd2 Bxd2 45.Kxd2 Kd5 46.Kd3 Kc5 47.h4 f5
0-1

[Event "Rewal 2011 - Open B"]
[Site "Rewal"]
[Date "2011.08.28"]
[Round "9.23"]
[White "Starczewska, Dominika"]
[Black "Wisniewski, Michal"]
[Result "1/2-1/2"]
[WhiteElo "1909"]
[BlackElo "1713"]
[EventDate "2011.??.??"]
[PlyCount "31"]

1.e4 e6 2.d4 d5 3.exd5 exd5 4.Bd3 c5 5.dxc5 Bxc5 6.Nf3 Nf6 7.O-O O-O 8.Bg5
Be6 9.c3 Nc6 10.Nbd2 a6 11.Nb3 Bb6 12.Qc2 h6 13.Bh4 Rc8 14.Qd2 Bg4 15.Nfd4
Ne5 16.Bf5 1/2-1/2

[Event "Rewal 2011 - Open B"]
[Site "Rewal"]
[Date "2011.08.28"]
[Round "9.25"]
[White "Karwowski, Kacper"]
[Black "Zhuk, Ilya"]
[Result "1/2-1/2"]
[WhiteElo "1729"]
[BlackElo "1889"]
[EventDate "2011.??.??"]
[PlyCount "49"]

1.e4 e5 2.Nf3 Nf6 3.Nc3 Bb4 4.Bc4 O-O 5.Qe2 d6 6.h3 Be6 7.Bxe6 fxe6 8.Qc4 
Bxc3 9.Qxe6+ Kh8 10.dxc3 Nxe4 11.Qd5 Nc5 12.Bg5 Qd7 13.O-O-O Qe6 14.Be3 
Nbd7 15.Rhe1 Nb6 16.Qxe6 Nxe6 17.Re2 Nc4 18.b3 Nxe3 19.fxe3 Rf6 20.Nd2 
Raf8 21.Ne4 R6f7 22.c4 h6 23.Kd2 Kh7 24.Kc3 Kg6 25.Kd3 1/2-1/2

[Event "Rewal 2011 - Open B"]
[Site "Rewal"]
[Date "2011.08.28"]
[Round "9.26"]
[White "Drela, Michal"]
[Black "Trepkowski, Piotr"]
[Result "1-0"]
[WhiteElo "1459"]
[BlackElo "1838"]
[EventDate "2011.??.??"]
[PlyCount "91"]

1.e4 c5 2.Nf3 Nc6 3.d4 cxd4 4.Nxd4 a6 5.Be3 d6 6.Nc3 Nf6 7.Be2 Qc7 8.O-O 
e6 9.h3 Be7 10.Qd2 Nxd4 11.Bxd4 b5 12.a3 Bb7 13.Bf3 O-O 14.Rfe1 e5 15.Be3 
Rac8 16.Rac1 Rfe8 17.Bg5 Qc5 18.Be3 Qc7 19.Bg5 h6 20.Bxf6 Bxf6 21.Nd5 Bxd5
22.Qxd5 Bg5 23.Rb1 Qxc2 24.Qxd6 Bh4 25.g3 Rcd8 26.Qxa6 Rd2 27.Qxb5 Rc8 28.
gxh4 Rc6 29.Rbc1 Rg6+ 30.Kh1 Qd3 31.Qxd3 Rxd3 32.Re3 Rd2 33.Re2 Rd3 34.h5 
Rf6 35.Bg4 Rf4 36.Bf5 g6 37.hxg6 fxg6 38.Rg1 g5 39.Kh2 Kf7 40.Rg4 Kf6 41.
Rxf4 exf4 42.Rc2 h5 43.Rc6+ Ke5 44.Re6+ Kd4 45.Rd6+ Kc4 46.Be6+ 1-0

[Event "Rewal 2011 - Open B"]
[Site "Rewal"]
[Date "2011.08.28"]
[Round "9.27"]
[White "Przytula, Grzegorz"]
[Black "Koziol, Kamil"]
[Result "1-0"]
[WhiteElo "1955"]
[BlackElo "1773"]
[EventDate "2011.??.??"]
[PlyCount "73"]

1.e4 c5 2.g3 e6 3.Bg2 d5 4.exd5 exd5 5.d4 Nf6 6.Ne2 cxd4 7.Nxd4 Nc6 8.O-O 
Be7 9.Bf4 Nxd4 10.Qxd4 O-O 11.Nc3 Be6 12.Rad1 Qa5 13.Nxd5 Nxd5 14.Bxd5 
Rfd8 15.c4 Bxd5 16.cxd5 Qxa2 17.Bc7 Bf6 18.Qd3 Rd7 19.d6 Qxb2 20.Qf5 Rad8 
21.Rb1 Qe5 22.Qxe5 Bxe5 23.Bxd8 Rxd8 24.Rxb7 Bxd6 25.Rd1 Kf8 26.Rxa7 Be7 
27.Rxd8+ Bxd8 28.Kg2 g6 29.Rb7 Bf6 30.f4 Kg7 31.Kf3 h5 32.Ke4 g5 33.fxg5 
Bxg5 34.Kf5 Bh6 35.Rb4 Bd2 36.Rh4 Kh6 37.g4 1-0

[Event "Rewal 2011 - Open B"]
[Site "Rewal"]
[Date "2011.08.28"]
[Round "9.28"]
[White "Szolc, Grzegorz"]
[Black "Cyboran, Katarzyna"]
[Result "1/2-1/2"]
[WhiteElo "1760"]
[BlackElo "1869"]
[EventDate "2011.??.??"]
[PlyCount "39"]

1.e4 c5 2.Nf3 Nc6 3.c3 e6 4.d4 d5 5.exd5 Qxd5 6.Na3 a6 7.Nc4 Qd8 8.Be2 
cxd4 9.Nxd4 Nxd4 10.Qxd4 Qxd4 11.cxd4 Bb4+ 12.Bd2 Bxd2+ 13.Kxd2 Nf6 14.Bf3
Ke7 15.Nb6 Rb8 16.Rhe1 Nd7 17.Nxc8+ Rhxc8 18.Rac1 Rxc1 19.Rxc1 Kd6 20.Ke3 
1/2-1/2

[Event "Rewal 2011 - Open B"]
[Site "Rewal"]
[Date "2011.08.28"]
[Round "9.29"]
[White "Wrobel, Maciej"]
[Black "Lizak, Jakub"]
[Result "1-0"]
[WhiteElo "1868"]
[BlackElo "1772"]
[EventDate "2011.??.??"]
[PlyCount "75"]

1.e4 c5 2.Nf3 Nc6 3.d4 cxd4 4.Nxd4 Nf6 5.Nc3 e5 6.Ndb5 d6 7.Nd5 Nxd5 8.
exd5 Nb8 9.Qf3 a6 10.Qa3 b6 11.c4 Bb7 12.Nc3 Nd7 13.Ne4 Nf6 14.Nxf6+ gxf6 
15.Qa4+ Qd7 16.Qb3 Bg7 17.h4 O-O 18.h5 f5 19.h6 Bf6 20.Qxb6 Rab8 21.Qe3 e4
22.Rh5 Bc8 23.c5 Qa4 24.Qg3+ Kh8 25.Qxd6 Be6 26.dxe6 Rbd8 27.e7 Bxe7 28.b3
Qe8 29.Qg3 Bf6 30.Rb1 Qd7 31.Bg5 Bb2 32.Bxd8 Rxd8 33.Be2 Qd2+ 34.Kf1 f4 
35.Qg5 Rg8 36.Qd5 Bd4 37.Rd1 f3 38.Qxd4+ 1-0

[Event "Rewal 2011 - Open B"]
[Site "Rewal"]
[Date "2011.08.28"]
[Round "9.30"]
[White "Kuspak, Aleksander"]
[Black "Zhuk, Dmitriy"]
[Result "1-0"]
[WhiteElo "1862"]
[BlackElo "1610"]
[EventDate "2011.??.??"]
[PlyCount "132"]

1.e4 e6 2.d4 d5 3.Nc3 Bb4 4.e5 c5 5.a3 Bxc3+ 6.bxc3 Qc7 7.Nf3 Ne7 8.Bd3 c4
9.Be2 Nbc6 10.O-O Bd7 11.Qd2 h6 12.Qf4 Rf8 13.Qg4 Ng6 14.Nh4 Nce7 15.Nxg6 
Nxg6 16.f4 O-O-O 17.Bd2 Ba4 18.Ra2 Qb6 19.Kh1 Bd7 20.Qg3 Be8 21.Qe1 Ne7 
22.Qa1 Bc6 23.Rb1 Qc7 24.a4 a6 25.Rab2 f6 26.Rf1 f5 27.Qa3 Rg8 28.Rbb1 
Rde8 29.Rbe1 Rd8 30.Bc1 Rd7 31.Qa2 Qa5 32.Bd2 Qxa4 33.Qb2 Qb5 34.Qa3 Qb6 
35.g4 g5 36.gxf5 Nxf5 37.fxg5 hxg5 38.Bg4 Rf7 39.Bxf5 Rxf5 40.Rxf5 exf5 
41.Qd6 Qd8 42.Qe6+ Bd7 43.Qh6 Rh8 44.Qxg5 Qxg5 45.Bxg5 Rh3 46.Re3 Rxe3 47.
Bxe3 Kd8 48.Kg2 Ke7 49.Bg5+ Ke6 50.Bd8 Ba4 51.Kg3 Bxc2 52.Kf4 Kd7 53.Ba5 
Ke6 54.h4 Ba4 55.Kg5 Bd7 56.h5 Kf7 57.h6 Kg8 58.Kg6 f4 59.h7+ Kh8 60.Bd8 
Bf5+ 61.Kxf5 Kxh7 62.Kxf4 Kg7 63.Kf5 Kf7 64.e6+ Ke8 65.Bb6 Ke7 66.Ke5 Ke8 
1-0